Quizzes
Events
Quiz Creation
Community
Videos
Private Events
Remove Ads
Sign In
Join for FREE
Feedback
Dark Mode
Quiz Categories
Sports
Geography
Music
Movies
Television
Just For Fun
Miscellaneous
History
Literature
Language
Science
Gaming
Entertainment
Religion
Holiday
For Kids
Quiz Lab
Recent
Popular Today
Quiz Kudos Today
Editor Picks
Curator Picks
Quizzes by...
Day
Popularity
Type
Ratings
Length
Year
Community
Subscriptions
Recent Discussions
Orange Saloon
Badges
Playlists
Quests
Create
Leaderboards
Showdown
Live 5
Trivia Bingo
Activity
Puzzle Library
Sporcle Events
Private Events
Virtual Trivia
Globe League
Become a Host
Pub Owners
SporcleCon
Opinionation
Our Games
Videos
Blog
Mobile Apps
Partnerships
Remove Ads and Go Orange
Feedback
Gaming
Video Games
Board Games
Card Games
Pokémon
Mario
Nintendo
Minecraft
Console
Toys
Legend of Zelda
Gaming
Video Games
Board Games
Card Games
Pokémon
Mario
Nintendo
Minecraft
Console
Toys
Legend of Zelda
Random Quiz
Search Sporcle
×
Quiz Lab
Quiz Lab
Gaming
Board Games
Type in answers that appear in a list
Type in answers that appear in a list
Classic
Best Score? Go Orange.
Red Dead Redemption: Characters Stats
Can you name the characters of the game Red Dead Redemption?
By
NCannell91
10m
50 Questions
1,696 Plays
1,696 Plays
1,696 Plays
Comments
Comments
Give Quiz Kudos
Give Quiz Kudos
-
- Ratings
hide this ad
Replay
Link that replays current quiz
Next Quiz
Link to next quiz in quiz playlist
You Got
0%
They Got
Avg Score
33%
Avg Friend Score
Upgrade to see
Score Distribution
Jump to the score distribution portion of the page
Score
0/50
Timer
10:00
1
Play Today
Description
Character
% Correct
Son of the main protagonist
Jack Marston
92.7%
Daughter of a rancher in Hennigan's Stead
Bonnie MacFarlane
80.7%
YOU; The main protagonist
John Marston
70.7%
A drunk you meet in Armadillo
Irish
67%
Grave digger looking for treasure
Seth Briars
66.1%
Your former gang member residing in Ft. Mercer
Bill Williamson
65.5%
Wife of the main protagonist
Abigail Marston
62.4%
Federal Agent in Blackwater
Edgar Ross
62.3%
Your former gang's leader
Dutch van der Linde
60.8%
Traveling salesman of an elixir
Nigel West Dickens
58.6%
Leader of the Mexican Revolution
Abraham Reyes
55.8%
Famous gunslinger of the Old West
Landon Ricketts
51.5%
Elderly alcoholic of Beecher's Hope
Uncle
49.6%
Marshal of Armadillo
Leigh Johnson
49.4%
Captain of Mexican Army; Homosexual
Vicente De Santa
46.5%
Colonel for the Mexican Army
Agustin Allende
43%
Your former gang member from Mexico
Javier Escuella
42.1%
The government's Native American informant
Nastas
41.2%
Revolutionary woman; 'Wife' of Reyes
Luisa Fortuna
41%
Owner of the general store in Armadillo
Herbert Moon
36.8%
Your dog at Beecher's Hope
Rufus
35.8%
The owner of the ranch in Hennigan's Stead
Drew MacFarlane
33.3%
Anthropologist from Yale University
Harold MacDougal
33%
A gang led by twin brothers
Bollard Twins Gang
28.4%
Irish's friend with a stuttering problem
Shaky
28.3%
Description
Character
% Correct
The unseen, but heard of, governor of West Elizabeth
Nate Johns
28.2%
'Flowers for a Lady' man with 'lively' wife
Billy West
26.2%
'I Know You'
Strange Man
25.3%
Grave digger who betrayed his partner
Moses Forth
24.4%
Government Agent; Desk clerk
Archer Fordham
23.4%
German poker player in Chuparosa
Andreas Muller
22.5%
A gang with top hats and matching scarves
Walton's Gang
22.1%
Bill Williamson's right hand man
Norman Deek
18.8%
An aspiring film maker
D.S. MacKenna
16%
The watchdog of MacFarlane's ranch
Charlie
14.2%
The unseen tyrannical President of Mexico
Ignacio Sanchez
13.9%
Stranger trying to find California
Sam Odessa
12.7%
Captain of Mexican Army; Heterosexual
Captain Espinoza
12.6%
A naive journalist from the East Coast; Often hogtied
Jimmy Saint
12%
Horse who has a human lover
Lucy
11.9%
Chinese immigrant who was an indentured servant
Zhou
10.6%
Mexican woman who is abused and later murdered by a man
Eva Cortes
10.6%
Musician from Armadillo who was to be married 17 years ago
Peter Turner
9.1%
An actor working for D.S. MacKenna
Silas Spatchcock
8.8%
Creator of a glider that crashes
Charles Kinnear
8.4%
Pregnant nanny who gets kicked out of her house with no money
Clara LaGuerta
6.4%
The man you fight at Ridgewood Farm
Aquila
5.7%
A man trying to find Aztec gold
Basilio
5.2%
'The Prohibitionist'
Abner Forsyth
5%
Blackwater resident who got his children's nanny pregnant
Harold Thornton
4.7%
Quiz Playlist
Details
Report
Send in Message
Add To Playlist
Classic:
Type in answers that appear in a list
Last Updated: Feb 16, 2017
Quiz Scoreboard
CHALLENGE
Sign Up to Join the Scoreboard
Show All
Scores
Hide
Comments
May contain spoilers
Recently Published
College Basketball Coaching Resumes
by pancakes188
Sports
9m
Billboard Blitz: Fleetwood Mac
by CooCooCachoo
Music
15s
Presidents Visiting Landmarks
by Hejman
History
7m
More to Explore
Quiz From the Vault
Featured Blog Post
Where Did the Easter Bunny Come From?
hide this ad
You Might Also Like...
Tags
Board Games Quiz
Character
death
description
Red
Red Dead Redemption
Redemption
Today's Top Quizzes in Gaming
Browse Gaming
hide this ad
Today's Top Quizzes in Board Games
Browse Board Games
Top Contributed Quizzes in Gaming
1
5-to-1: Consoles
2
7-to-1: Board Game Piece Blitz
3
5-to-1: Legend of Zelda
4
Destiny 2 exotic weapons by perk icons
5
League of Legends Pro Players by Career/Team History
6
Ultimate Genshin Impact Logic Puzzle (up to 4.3)
7
Franchise by Action Figure
8
Who's on the WWE 2K24 Cover?
9
Genshin Impact Logic Puzzle Quiz
10
Overwatch Logic Puzzle
Explore More
Trending Topics
Marvel
Harry Potter
Crossword
Disney
Anime
Kpop
NBA
Country
The Office
Puzzle
Pokémon
Song
NFL
Soccer
WWE
hide this ad
More By:
NCannell91
Quiz
Plays
Rating
Category
Featured
Created
Red Dead Redemption: Characters
1,696
4.33
Gaming
Sep 7, 2010
Go to Creator's Profile
Score Distribution
Quiz Creator Spotlight
NCannell91
Follow
Send a Message
Quizzes Created
-
Created Quiz Play Count
-
More By This Creator
Popular Quizzes Today
1
Find the US States - No Outlines Minefield
2
Find the Countries of Europe - No Outlines Minefield
3
The Countries of the World
4
Find the US States
5
Risky Map Clicking: Biggest States A-Z
6
US States
7
Popular People in 1961
8
Movies - When Are They Set?
More Gaming Quizzes
Deep Rock Galactic Quiz!
Quiz Lab
Trending Quizzes
Risky Map Clicking: Least Populous States A-Z
1-10 Letter G Words
1-10 Letter F Words
Risky Map Clicking: Next State Alphabetically
Risky Map Clicking: Biggest States A-Z
Recently Updated
Leaping Animals
pecheneg
Reality TV Shows (A-Z)
bhenderson79
Rickey Henderson's Hall of Fame Teammates
pecheneg
Champions League XIs: Arsenal
pecheneg
Quick Pick: Celebrities in WWE's Hall of Fame
aduchscher
A-Z Keypad Blitz II
pecheneg
Multiple Oscar Actors
pecheneg
Mystery Phrase Blitz: Oscar 'Best Actors'
pecheneg
F. Scott Fitzgerald Novels
LTH
Pick 3 Villains
ddd62291
Trending Topics
NBA
Harry Potter
Marvel
Kpop
Disney
Anime
Crossword
NFL
Song
The Office
Country
Pokémon
Soccer
WWE
Puzzle
Your Account Isn't Verified!
In order to create a playlist on Sporcle, you need to verify the email address you used during registration. Go to your
Sporcle Settings
to finish the process.
Report this User
Report this user for behavior that violates our
Community Guidelines
.
Details:
Send Report
Go to the Sporcle.com Mobile Site →
Comments